Balett és kánkán
Elmentve itt :
| Szerző: | |
|---|---|
| Dokumentumtípus: | Cikk |
| Megjelent: |
1975-07-01
|
| Sorozat: | Délmagyarország
65 No. 152 |
| Kulcsszavak: | balett |
| Online Access: | http://dmarchiv.bibl.u-szeged.hu/121012 |
| LEADER | 00434nab a2200157 i 4500 | ||
|---|---|---|---|
| 001 | delm121012 | ||
| 005 | 20190424085518.0 | ||
| 008 | 190424s1975 hu o 0|| hun d | ||
| 040 | |a SZTE Délmagyarország Archívum |b hun | ||
| 041 | |a hun | ||
| 100 | 1 | |a Ladányi Zsuzsa | |
| 245 | 1 | 0 | |a Balett és kánkán |h [elektronikus dokumentum] / |c Ladányi Zsuzsa |
| 260 | |c 1975-07-01 | ||
| 300 | |a 5 | ||
| 490 | 0 | |a Délmagyarország |v 65 No. 152 | |
| 695 | |a balett | ||